• 首页
  • 本馆介绍
  • 公告通知
  • 最新文献
  • 馆藏检索
  • 电子资源
  • 读者导购
  • 参考咨询
  • 我的图书馆
  • 登录
  • 详细信息显示
  • 放入我的书架
  • 预约/预借图书
  • 作者相关作品
  • 分类相关作品
  • 丛书相关作品
  • 出版社相关作品

书目信息

  • 表格格式
  • 工作单格式
  • 卡片格式
题名:
世界常用农药色谱-质谱图集
    
 
作者: 庞国芳 著
分册:  
出版信息: 北京   化学工业出版社  2018
页数: 1264页
开本: 29cm
丛书名: 世界常用农药质谱 / 核磁谱图集
单 册:
中图分类: TQ450.1-64
科图分类:
主题词: 农药--nong yao--色谱--质谱--化学分析--图集
电子资源:
ISBN: 978-7-122-31468-0
000 01728cam 2200313 450
001 012001001058
005 20140107113829.0
010    @a978-7-122-31468-0@b精装@dCNY338.00
099    @aCAL 012018129714
100    @a20181018d2018 em y0chiy50 ea
101 0  @achi
102    @aCN@b110000
105    @aak a 001yy
106    @ar
200 1  @a世界常用农药色谱-质谱图集@Ashi jie chang yong nong yao se pu - zhi pu tu ji@e液相色谱-四极杆-静电场轨道阱质谱图集@d= Chromatography-mass spectrometry collection of world commonly used pesticides@ecollection of liquid chromatography coupled with quadrupole orbitrap mass spectrometry@f庞国芳等著@zeng
210    @a北京@c化学工业出版社@d2018
215    @a1264页@c图@d29cm
225 2  @a世界常用农药质谱 / 核磁谱图集@Ashi jie chang yong nong yao zhi pu / he ci pu tu ji
300    @a国家出版基金项目
320    @a有书目 (第1245-1246页) 和索引
330    @a本书内容包括气相色谱-四极杆-飞行时间质谱图谱及相关信息。具体包括:433种农药化学污染物和209种PCB化学污染物CAS登录号、中英文名称;理化参数(分子式、分子量、结构式);色谱质谱参数(保留时间、母离子、子离子、离子源及源极性);总离子流图、二级质谱图。
410  0 @12001 @a世界常用农药质谱 / 核磁谱图集
510 1  @aChromatography-mass spectrometry collection of world commonly used pesticides@ecollection of liquid chromatography coupled with quadrupole orbitrap mass spectrometry@zeng
517 1  @a液相色谱-四极杆-静电场轨道阱质谱图集@Aye xiang se pu - si ji gan - jing dian chang gui dao jing zhi pu tu ji
606 0  @a农药@Anong yao@x色谱@x质谱@x化学分析@j图集
690    @aTQ450.1-64@v5
701  0 @a庞国芳@Apang guo fang@4著
801  0 @aCN@b北京卓展文化@c20191020
905    @b1201366-7@dTQ450.1-64@e104@f2
    
    世界常用农药色谱-质谱图集:液相色谱-四极杆-静电场轨道阱质谱图集= Chromatography-mass spectrometry collection of world commonly used pesticides:collection of liquid chromatography coupled with quadrupole orbitrap mass spectrometry/庞国芳等著.-北京:化学工业出版社,2018
    1264页:图;29cm.-(世界常用农药质谱 / 核磁谱图集)
    国家出版基金项目
    
    ISBN 978-7-122-31468-0(精装):CNY338.00
    本书内容包括气相色谱-四极杆-飞行时间质谱图谱及相关信息。具体包括:433种农药化学污染物和209种PCB化学污染物CAS登录号、中英文名称;理化参数(分子式、分子量、结构式);色谱质谱参数(保留时间、母离子、子离子、离子源及源极性);总离子流图、二级质谱图。
●
相关链接 在E读中查询图书 在五车中查询图书 在当当中查询图书 在豆瓣中查询图书


正题名:世界常用农药色谱-质谱图集     索取号:TQ450.1-64/104         预约/预借

序号 登录号 条形码 馆藏地/架位号 状态 备注
1 1201366   212013667   第二样本阅览室/ [索取号:TQ450.1-64/104] 在馆    
2 1201367   212013676   第三借阅区/ [索取号:TQ450.1-64/104] 在馆    
唐山师范学院图书馆 欢迎您!
大连网信软件有限公司© 版权所有